| 000 | 00855cab a2200241 4500 | ||
|---|---|---|---|
| 001 | WB3411-04 | ||
| 008 | 090401t1998 xxu||||| |||| 00| 0 eng d | ||
| 035 | _a(Sirsi) u84975 | ||
| 041 | _aeng | ||
| 245 | _aBuilding control inspectors | ||
| 260 | _c1998 | ||
| 350 | _a0 | ||
| 490 |
_aDETR News Release _v(188/ENV) 11 March 1998 (3) |
||
| 520 | _aThe Construction Industry Council (CIC) is to approve the applications of companies wishing to control private sector building control inspectors. To date seven companies have been granted approved inspector status. | ||
| 650 | _aAPPROVED INSPECTORS REGULATIONS | ||
| 650 | _aBUILDING CONTROL INSPECTORS | ||
| 650 |
_aBUILDING REGULATIONS _96224 |
||
| 650 | _aCIC | ||
| 650 | _aCONSTRUCTION INDUSTRY COUNCIL | ||
| 690 | _aBUILDING AND CONSTRUCTION-CONTROL | ||
| 942 | _n0 | ||
| 948 | _c17/03/1998 | ||
| 999 |
_c53421 _d53421 |
||